| 000 | 00612nam a2200193Ia 4500 | ||
|---|---|---|---|
| 003 | GCL | ||
| 008 | 140319s9999 xx 000 0 ara d | ||
| 040 |
_aGCL / _cGCL |
||
| 082 | 0 | 4 |
_a178.8 _bع م |
| 100 | 1 | _aعبدالله ابن جارالله ابراهيم | |
| 245 | 1 | 0 |
_aمن اضرار المسكرات والمخدرات / _cعبدالله ابن جارالله ابراهيم |
| 260 |
_a[S.N] : _bمكتبة المعارف ، _c1985 |
||
| 300 | _a87 ص | ||
| 490 | _a | ||
| 650 | 0 | 4 | _aالمخدرات |
| 650 | 0 | 4 | _aالعقاقير والشباب |
| 650 | 0 | 4 | _aالمسكرات |
| 942 |
_2ddc _cBK |
||
| 999 |
_c58775 _d58775 |
||